000 00819cab a2200265 4500
001 ABS53581
008 090401t1995 xxu||||| |||| 00| 0 eng d
035 _a(Sirsi) u5183
041 _aeng
100 _aBillingham, E.
245 _aHit or miss
260 _c1995
350 _a0
490 _aBuilding
_v260(7909) 22 September 1995, 20-21(2)
520 _aAssesses the possible benefits of Housing Investment Trusts for the private housebuilding sector, as advocated in the Housing white paper. Includes a definition of Housing Investment Trust.
650 _aHOUSE BUILDING
650 _aHOUSING INVESTMENT TRUST
650 _aHOUSING MARKET
650 _aOUR FUTURE HOMES
650 _aPRIVATE RENTED SECTOR
650 _aRENTED HOUSING
690 _aHOUSING
942 _n0
948 _c04/03/1997
999 _c3098
_d3098